00960nam a2200241 i 450000100060000000300090000600500170001500700030003200800410003502000180007608000330009410000410012724500780016826000380024630000270028449000660031160000550037783000730043285200400050594200080054599900170055395201480057077466ES-MaACL20250824075713.0t|041018s2004 gw ||||1| spa d a3-935004-82-6 a012 Mira de Amescua, Antonio1 aValladares Reguero, Aurelio.911273410aBibliografía de Antonio Mira de Amescua / cAurelio Valladares Reguero. aKassel : bReichenberger, c2004. aXII, 295 p. ; c24 cm.1 aTeatro del siglo de oro. Bibliografías y catálogos ; v4014aMira de Amescua, Antonio-vBibliografías.98145400aTeatro del Siglo de Oro. pBibliografías y catálogosv409183556 aES-MaACLjL-28245 bR.134147980369 2udc c77466d77466 00102udc40708Biblioteca_profesional aATENEOMbATENEOMcDEPO2d2008-01-17l0oL-28245p1081048r2023-02-23 00:00:00w2023-02-23yMONOGRAFIA